|
|
|
|
| LEADER |
00000cam a2200000 7i4500 |
| 001 |
0000002833 |
| 005 |
20220105103938.0 |
| 008 |
070716 |
| 020 |
|
|
|a 1844226581
|
| 090 |
0 |
0 |
|a JP
|b ENG (3108)
|
| 100 |
1 |
|
|a Powell, Jillian
|
| 245 |
0 |
0 |
|a Vikings
|c Written by Jillian Powell; illustrated by Jim Eldridge
|
| 260 |
|
|
|a London :
|b Ladybird books ,
|c 2004
|
| 440 |
|
0 |
|a Read it yourself
|
| 500 |
|
|
|a Children age 4-6 years old (yellow)
|
| 650 |
|
0 |
|a Junior preschool
|x English
|x Languages
|
| 700 |
1 |
|
|a Eldridge, Jim
|
| 999 |
|
|
|a 0000961257
|b Book
|c Children Collection
|e Cawangan Pontian
|
| 999 |
|
|
|a 0000961258
|b Book
|c Children Collection
|e Perbadanan Perpustakaan Awam Johor
|
| 999 |
|
|
|a 0000961259
|b Book
|c Children Collection
|e Perbadanan Perpustakaan Awam Johor
|